[Event "FB23 2223 SC NT Nürnberg - SK 1980 Gern"]
[Site "?"]
[Date "2022.11.12"]
[Round "3.1"]
[White "Lukas, Anne"]
[Black "Albayrak, Nese Pinar"]
[Result "1-0"]
[WhiteElo "2052"]
[BlackElo "1725"]
[PlyCount "133"]
[EventDate "2022.??.??"]

1. Nf3 Nf6 2. g3 g6 3. b3 Bg7 4. Bb2 d6 5. d4 O-O 6. Bg2 c5 7. O-O cxd4 8. Nxd4 d5 9. c4 dxc4 10. bxc4 Qb6 11. Qb3 Na6 12. Na3 Nc5 13. Qxb6 axb6 14. Nab5 Nfe4 15. Rfd1 Rd8 16. e3 Ra4 17. Bf1 Bg4 18. Rdc1 Rda8 19. Bg2 Be2 20. Nc7 R8a7 21. Nd5 R7a6 22. Nxe7+ Kf8 23. Nd5 Rxa2 24. Nb4 Rxa1 25. Bxa1 Ra4 26. Nd5 Nd3 27. Nxb6 Rb4 28. Nd5 Ra4 29. Rb1 Nd2 30. Nb6 Ra2 31. Nd7+ Ke8 32. Nxe2 Nxb1 33. Bxg7 Rxe2 34. Nf6+ Kd8 35. Be4 Re1+ 36. Kg2 Nc5 37. Bd5 Rc1 38. Nxh7 Nc3 39. Bxf7 N3e4 40. Bxg6 Rc2 41. Ng5 Rxc4 42. Nxe4 Nxe4 43. Bxe4 Rxe4 44. h4 Ke8 45. h5 Kf7 46. Bd4 b5 47. Kf3 Re7 48. g4 b4 49. g5 Rd7 50. g6+ Kg8 51. Ke4 b3 52. Kd3 Rd6 53. Kc3 Ra6 54. Kxb3 Rc6 55. f4 Rd6 56. f5 Rd5 57. h6 Rb5+ 58. Kc4 Rb7 59. h7+ Rxh7 60. gxh7+ Kxh7 61. e4 Kg8 62. e5 Kf8 63. e6 Ke7 64. Kd5 Ke8 65. f6 Kf8 66. Bc5+ Ke8 67. f7+ 1-0

[Event "FB23 2223 SC NT Nürnberg - SK 1980 Gern"]
[Site "?"]
[Date "2022.11.12"]
[Round "3.2"]
[White "Diller, Marianne"]
[Black "Ries, Jutta"]
[Result "0-1"]
[WhiteElo "1901"]
[BlackElo "2023"]
[PlyCount "106"]
[EventDate "2022.??.??"]

1. d4 Nf6 2. c4 c5 3. e3 g6 4. Nc3 Bg7 5. Nf3 O-O 6. Be2 cxd4 7. exd4 d5 8. c5 Nc6 9. O-O Bg4 10. h3 Bxf3 11. Bxf3 Rc8 12. Re1 e6 13. Bg5 b6 14. Rb1 h6 15. Bh4 g5 16. Bg3 Nd7 17. Bd6 Re8 18. Ne2 bxc5 19. Bxc5 Nxc5 20. dxc5 Ne5 21. b4 Nxf3+ 22. gxf3 Qf6 23. Nc1 Qf5 24. Rb3 Qxh3 25. f4 Qf5 26. fxg5 hxg5 27. Kg2 d4 28. Rh1 Red8 29. Rhh3 Rd5 30. Ra3 Rd7 31. Qa4 Qd5+ 32. Kg1 Rb7 33. Rhd3 e5 34. Nb3 Qd7 35. Qxd7 Rxd7 36. b5 Bf8 37. c6 Bxa3 38. cxd7 Rd8 39. Nxd4 exd4 40. Rxa3 Rxd7 41. Rd3 Kg7 42. Kf1 Kf6 43. Ke2 Ke5 44. a4 Rc7 45. Kd2 Rc4 46. Ra3 Rb4 47. Kd3 f5 48. Ra2 Kd5 49. Kd2 g4 50. Kd3 Rb3+ 51. Kc2 Kc4 52. Ra1 Rf3 53. Rc1 Rc3+ 0-1

[Event "FB23 2223 SC NT Nürnberg - SK 1980 Gern"]
[Site "?"]
[Date "2022.11.12"]
[Round "3.3"]
[White "Mueller, Manon"]
[Black "Albayrak, Berrak"]
[Result "0-1"]
[WhiteElo "1787"]
[BlackElo "1642"]
[PlyCount "98"]
[EventDate "2022.??.??"]

1. d4 Nf6 2. Bg5 d6 3. Bxf6 exf6 4. e3 g6 5. g3 Bg7 6. Bg2 f5 7. c4 O-O 8. Ne2 Nd7 9. O-O Nf6 10. Nbc3 Re8 11. b4 c6 12. Rb1 Qe7 13. b5 Ne4 14. Nxe4 fxe4 15. Nc3 f5 16. Qa4 Be6 17. Rfc1 Bf7 18. bxc6 bxc6 19. Rb3 Rac8 20. Rcb1 h5 21. Rb7 Qe6 22. Bf1 g5 23. Qxa7 f4 24. Rc7 fxe3 25. fxe3 h4 26. Ne2 Qxc4 27. Nf4 Qxa2 28. Qxa2 Bxa2 29. Rxc8 Rxc8 30. Ra1 gxf4 31. Rxa2 fxe3 32. Ra4 hxg3 33. hxg3 Bf6 34. Kg2 Kg7 35. Rc4 d5 36. Ra4 Kh6 37. Kh3 Kg5 38. Be2 c5 39. Ra5 Be7 40. dxc5 Rxc5 41. Ra8 Rc2 42. Rg8+ Kf6 43. Bd1 e2 44. Bxe2 Rxe2 45. Kg4 Rf2 46. Rh8 e3 47. Rh6+ Ke5 48. Rh7 Bf6 49. Kh3 e2 0-1

[Event "FB23 2223 SC NT Nürnberg - SK 1980 Gern"]
[Site "?"]
[Date "2022.11.12"]
[Round "3.4"]
[White "Loebel, Petra"]
[Black "Morio, Estelle"]
[Result "1/2-1/2"]
[WhiteElo "1818"]
[BlackElo "1777"]
[PlyCount "105"]
[EventDate "2022.??.??"]

1. e4 e5 2. Bc4 Nf6 3. d3 Bc5 4. Nc3 Nc6 5. f4 d6 6. h3 a6 7. Nf3 h6 8. fxe5 dxe5 9. Nd5 Be6 10. Nxf6+ Qxf6 11. Bxe6 Qxe6 12. Qe2 O-O-O 13. Be3 Qd6 14. O-O-O Rhe8 15. Rhf1 Bxe3+ 16. Qxe3 Qe6 17. b3 Kb8 18. Kb2 f6 19. g4 Nd4 20. Nh4 Qc6 21. Rf2 Nb5 22. c4 Nd4 23. Nf5 Rd7 24. h4 Red8 25. Rfd2 Qe6 26. Nxd4 Rxd4 27. Qf3 Qb6 28. Qf5 R4d6 29. Qf3 Qd4+ 30. Kc2 Qc5 31. Kb2 Rb6 32. Qf2 Rd4 33. a3 a5 34. Ka2 Qd6 35. Qe2 c5 36. a4 Rb4 37. Rb1 Qd7 38. Ka3 Rd6 39. Rbb2 Rbb6 40. Qf3 Rd4 41. Rbc2 Rbd6 42. Rc3 Qc6 43. Rcc2 Qb6 44. Ka2 Qb4 45. Qe2 Rb6 46. Rb2 Qc3 47. Rd1 Rbd6 48. Rbd2 Qb4 49. Rb2 Qb6 50. Rbd2 Qd8 51. h5 Qd7 52. Ka3 Qc6 53. Qe1 1/2-1/2

[Event "FB23 2223 SC NT Nürnberg - SK 1980 Gern"]
[Site "?"]
[Date "2022.11.12"]
[Round "3.5"]
[White "Wilke, Tabea"]
[Black "Steinmueller, Stefanie"]
[Result "0-1"]
[WhiteElo "1727"]
[BlackElo "1950"]
[PlyCount "146"]
[EventDate "2022.??.??"]

1. e4 c5 2. Nc3 Nc6 3. Bb5 g6 4. Bxc6 dxc6 5. f4 Bg7 6. Nf3 Nf6 7. d3 b6 8. O-O O-O 9. Qe1 Qc7 10. Qh4 Ng4 11. e5 Nh6 12. Ne2 Nf5 13. Qe1 Rd8 14. Ng3 h5 15. Nxf5 Bxf5 16. Nh4 Qd7 17. Qg3 c4 18. Nxf5 Qxf5 19. dxc4 Qxc2 20. b3 Qf5 21. Be3 Rd3 22. Rae1 Rad8 23. Qg5 Qxg5 24. fxg5 Bxe5 25. Bxb6 axb6 26. Rxe5 e6 27. Re2 R8d4 28. Ref2 Rd7 29. Re2 c5 30. Rf3 R3d4 31. h3 Rd1+ 32. Rf1 Rxf1+ 33. Kxf1 Kf8 34. Ke1 Ke7 35. Rd2 Ra7 36. Ke2 f6 37. h4 f5 38. Ke3 e5 39. g3 Rd7 40. Re2 Rd4 41. Kf3 Ke6 42. Re3 Rd1 43. Rc3 e4+ 44. Ke3 Ke5 45. a3 Rb1 46. b4 cxb4 47. axb4 Rxb4 48. c5 bxc5 49. Rxc5+ Kd6 50. Ra5 Rb3+ 51. Kf2 Kc6 52. Re5 Rd3 53. Re6+ Rd6 54. Re5 Rd2+ 55. Ke3 Rd3+ 56. Kf2 Kd6 57. Ra5 Ke6 58. Ra6+ Rd6 59. Ra5 Rd2+ 60. Ke3 Rg2 61. Ra6+ Kd5 62. Rxg6 Rxg3+ 63. Ke2 Ke5 64. Rh6 f4 65. Rxh5 Kf5 66. Rh8 Rg2+ 67. Kf1 Rg4 68. Rf8+ Ke5 69. Rh8 f3 70. Re8+ Kf4 71. Rf8+ Kg3 72. Rg8 Rxh4 73. g6 Rh1# 0-1

[Event "FB23 2223 SC NT Nürnberg - SK 1980 Gern"]
[Site "?"]
[Date "2022.11.12"]
[Round "3.6"]
[White "Adelhardt, Lisa"]
[Black "Schardt, Madeleine"]
[Result "1/2-1/2"]
[WhiteElo "1530"]
[BlackElo "1813"]
[PlyCount "105"]
[EventDate "2022.??.??"]

1. e4 d5 2. exd5 Qxd5 3. Nc3 Qd6 4. d4 Nf6 5. Bc4 a6 6. Bb3 Nc6 7. Nge2 Bg4 8. f3 Bf5 9. O-O e6 10. Be3 Be7 11. Qd2 O-O 12. Ng3 Bg6 13. Rad1 Rad8 14. Nce4 Qd7 15. Nxf6+ Bxf6 16. c3 Na5 17. Ne4 Be7 18. Rfe1 Nxb3 19. axb3 Qb5 20. b4 Rd7 21. g3 Rfd8 22. Qe2 Qxe2 23. Rxe2 e5 24. Rde1 Bxe4 25. fxe4 exd4 26. Bxd4 Bxb4 27. Bxg7 Bc5+ 28. Bd4 Bxd4+ 29. cxd4 Rxd4 30. Kf2 Rd2 31. Rc1 c6 32. Rc3 f6 33. Rb3 Rxe2+ 34. Kxe2 Rd7 35. Ke3 c5 36. Rc3 b6 37. h4 Kf7 38. Kf4 a5 39. b3 Rd4 40. Kf5 a4 41. bxa4 Rxa4 42. Rb3 Ra6 43. e5 fxe5 44. Kxe5 Ke7 45. Kd5 Kd7 46. Rf3 Ke7 47. Kc6 Ra1 48. Kxb6 Rc1 49. Kb5 Ke6 50. Rf4 c4 51. Rxc4 Rxc4 52. Kxc4 Kf5 53. Kd4 1/2-1/2

[Event "FB23 2223 SC Bavaria Regensburg 1881 - "]
[Site "?"]
[Date "2022.11.12"]
[Round "3.1"]
[White "Gorozhankina, Julia"]
[Black "Bardorz, Jana"]
[Result "1/2-1/2"]
[WhiteElo "2005"]
[BlackElo "2020"]
[PlyCount "61"]
[EventDate "2022.??.??"]

1. e4 e5 2. Bc4 Nf6 3. d3 Nc6 4. Nf3 Bc5 5. c3 d6 6. a4 a6 7. h3 Ba7 8. O-O h6 9. Be3 O-O 10. Nbd2 Re8 11. Re1 Be6 12. Bxe6 Rxe6 13. Bxa7 Rxa7 14. d4 exd4 15. Nxd4 Re8 16. Nf5 d5 17. exd5 Rxe1+ 18. Qxe1 Qxd5 19. Ne3 Qe6 20. Nf3 Ra8 21. Qf1 Qb3 22. Qc1 Rd8 23. Nf5 Qd5 24. N3d4 Kh7 25. Qc2 g6 26. Ne3 Nxd4 27. cxd4 Qd7 28. d5 Nxd5 29. Nxd5 Qxd5 30. Qxc7 Rd7 31. Qc2 1/2-1/2

[Event "FB23 2223 SC Bavaria Regensburg 1881 - "]
[Site "?"]
[Date "2022.11.12"]
[Round "3.2"]
[White "Leuchsenring, Christina"]
[Black "Krasnopeyeva, Julia"]
[Result "1-0"]
[WhiteElo "1891"]
[BlackElo "1938"]
[PlyCount "59"]
[EventDate "2022.??.??"]

1. e4 c5 2. c3 Nf6 3. e5 Nd5 4. d4 cxd4 5. cxd4 Nc6 6. Nf3 d6 7. exd6 Qxd6 8. Nc3 Bf5 9. Bc4 Ndb4 10. O-O Nc2 11. Nb5 Qd7 12. Bf4 Rc8 13. Rc1 a6 14. Nc7+ Kd8 15. Rxc2 Bxc2 16. Qxc2 e6 17. d5 Nb4 18. Qb3 Bd6 19. dxe6 Qxc7 20. Bxd6 Qxc4 21. Qxb4 Qxb4 22. Bxb4 fxe6 23. Rd1+ Ke8 24. Bc3 Rc7 25. Re1 Kf7 26. Ng5+ Kg6 27. Nxe6 Re7 28. Nf4+ Kf7 29. Rxe7+ Kxe7 30. Bxg7 1-0

[Event "FB23 2223 SC Bavaria Regensburg 1881 - "]
[Site "?"]
[Date "2022.11.12"]
[Round "3.3"]
[White "Brandl, Lea Maria"]
[Black "Oberhofer, Marie"]
[Result "1/2-1/2"]
[WhiteElo "1880"]
[BlackElo "1729"]
[PlyCount "80"]
[EventDate "2022.??.??"]

1. d4 Nf6 2. c4 c5 3. d5 e6 4. Nc3 exd5 5. cxd5 d6 6. e4 g6 7. f4 Qe7 8. Bd3 Bg7 9. Nf3 Bg4 10. O-O O-O 11. h3 Bxf3 12. Qxf3 a6 13. a4 b6 14. Bd2 Nbd7 15. Be1 Rfc8 16. b3 Ne8 17. Rc1 Nc7 18. Qg4 Nf6 19. Qe2 Qe8 20. Bh4 Nh5 21. f5 Bd4+ 22. Kh1 Qe5 23. fxg6 fxg6 24. Nb1 Ng3+ 25. Bxg3 Qxg3 26. Rf3 Qg5 27. Rcf1 Rf8 28. Nd2 b5 29. Rxf8+ Rxf8 30. Nf3 Qe3 31. Nxd4 Qxd4 32. Rxf8+ Kxf8 33. axb5 axb5 34. Bxb5 Nxb5 35. Qxb5 Qa1+ 36. Kh2 Qe5+ 37. Kg1 Qd4+ 38. Kh1 Qa1+ 39. Kh2 Qe5+ 40. Kg1 Qd4+ 1/2-1/2

[Event "FB23 2223 SC Bavaria Regensburg 1881 - "]
[Site "?"]
[Date "2022.11.12"]
[Round "3.4"]
[White "Wetzler, Sophia"]
[Black "Vollstaedt-Klein, Sabine"]
[Result "1-0"]
[WhiteElo "1689"]
[BlackElo "1850"]
[PlyCount "71"]
[EventDate "2022.??.??"]

1. e4 e5 2. Nf3 Nc6 3. Bc4 Bc5 4. O-O Nf6 5. d3 d6 6. Bg5 h6 7. Bh4 Bg4 8. Nbd2 a6 9. c3 g5 10. Bg3 Nh5 11. Kh1 Qd7 12. b4 Ba7 13. a4 Ne7 14. Qb3 Be6 15. Qb2 Ng6 16. a5 Ngf4 17. d4 Bxc4 18. Nxc4 f6 19. Rad1 Qf7 20. Ne3 Ng7 21. Ng1 h5 22. f3 h4 23. Be1 Ngh5 24. Nf5 Ng7 25. Ne3 Ngh5 26. Nf5 Qc4 27. Bf2 Nd3 28. Qc2 Nxf2+ 29. Qxf2 exd4 30. cxd4 Qxb4 31. Qa2 O-O-O 32. Rb1 Qc3 33. Rfc1 Qd3 34. Rb3 Ng3+ 35. hxg3 hxg3+ 36. Nh3 1-0

[Event "FB23 2223 SC Bavaria Regensburg 1881 - "]
[Site "?"]
[Date "2022.11.12"]
[Round "3.5"]
[White "Mueller, Riyanna"]
[Black "Pavlov, Liliane"]
[Result "1/2-1/2"]
[WhiteElo "1475"]
[BlackElo "1663"]
[PlyCount "135"]
[EventDate "2022.??.??"]

1. e4 c5 2. c3 Nf6 3. e5 Nd5 4. d4 cxd4 5. Nf3 Nc6 6. cxd4 d6 7. Bc4 dxe5 8. dxe5 e6 9. O-O Bc5 10. Qe2 Qc7 11. Re1 a6 12. a3 Nce7 13. Nbd2 f5 14. b4 Ba7 15. Nb3 b5 16. Bd3 Bd7 17. Nbd4 h6 18. h4 Rc8 19. Bd2 O-O 20. Rac1 Qb7 21. a4 Nc6 22. Nc2 Rb8 23. axb5 axb5 24. g3 Rfc8 25. Rb1 Nce7 26. Rb3 Nc7 27. Ncd4 Qd5 28. Bc3 Nc6 29. Qb2 Nxd4 30. Bxd4 Bxd4 31. Nxd4 Rd8 32. Kf1 Be8 33. Ne2 Qh1+ 34. Ng1 Bh5 35. Be2 Bxe2+ 36. Qxe2 Rd7 37. Qf3 Qxf3 38. Nxf3 Rbd8 39. Ke2 Kf7 40. Rc1 Re7 41. Ne1 g5 42. hxg5 hxg5 43. Nd3 Rd5 44. Rbc3 Na6 45. Rc6 Rxd3 46. Rxa6 Rb3 47. Rb6 Rxb4 48. Rc5 Re4+ 49. Kf1 b4 50. Rcb5 Rd7 51. Rxb4 Rd1+ 52. Kg2 Rxe5 53. Rb8 Red5 54. R4b7+ Kf6 55. Rb2 g4 56. Rf8+ Ke7 57. Rfb8 Rd7 58. R8b3 Kf6 59. Rb7 Rxb7 60. Rxb7 e5 61. Rb2 f4 62. gxf4 exf4 63. Rb6+ Kg5 64. Rb5+ Kh4 65. Rb2 f3+ 66. Kh2 Re1 67. Rb8 Rf1 68. Rh8+ 1/2-1/2

[Event "FB23 2223 SC Bavaria Regensburg 1881 - "]
[Site "?"]
[Date "2022.11.12"]
[Round "3.6"]
[White "Horther-Schneider, Elsbeth"]
[Black "Vayssiere, Nina"]
[Result "1-0"]
[WhiteElo "1795"]
[BlackElo "1548"]
[PlyCount "109"]
[EventDate "2022.??.??"]

1. e4 e5 2. Nf3 Nc6 3. d4 d6 4. dxe5 Nxe5 5. Nxe5 dxe5 6. Qxd8+ Kxd8 7. Bc4 f6 8. Be3 Bd6 9. Nc3 Bd7 10. O-O-O Ne7 11. g3 Kc8 12. Nb5 Bxb5 13. Bxb5 Rd8 14. Rd3 a6 15. Bc4 b5 16. Be6+ Kb7 17. Rhd1 a5 18. c4 bxc4 19. Bxc4 Kc6 20. Be6 a4 21. R1d2 Rdb8 22. Rc2+ Kb7 23. Rdc3 Ra6 24. f4 exf4 25. gxf4 g6 26. Rc4 Rd8 27. Rd4 Rb8 28. Bd7 Rd8 29. Bxa4 Rda8 30. Bb3 Kc8 31. Be6+ Kb8 32. Bc4 Rc6 33. Rd3 Ra4 34. Rdc3 Ra5 35. Rb3+ Ka8 36. a3 Bc5 37. Bxc5 Rcxc5 38. Rbc3 Rh5 39. Bf7 c6 40. Rd3 Ra7 41. Rcd2 Rc5+ 42. Kb1 Rb7 43. Be6 Ra5 44. Rd8+ Rb8 45. Rxb8+ Kxb8 46. Rd8+ Kc7 47. Rd7+ Kb6 48. Rxe7 h5 49. f5 g5 50. Rf7 Re5 51. Rxf6 Rxe4 52. Bd7 Rc4 53. Rg6 g4 54. Rh6 Kc7 55. Be6 1-0

[Event "FB23 2223 Karlsruher SF 1853 - SG Augsb"]
[Site "Augsburg"]
[Date "2022.11.13"]
[Round "4.1"]
[White "Horvath, Maria"]
[Black "Schmidt, Jessica"]
[Result "0-1"]
[WhiteElo "1923"]
[BlackElo "2206"]
[PlyCount "63"]
[EventDate "2022.??.??"]

1. d4 f5 2. Nf3 Nf6 3. g3 e6 4. Bg2 Be7 5. c4 O-O 6. O-O d6 7. b3 Ne4 8. Bb2 Nd7 9. Nc3 Ndf6 10. b4 Qe8 11. Nd2 d5 12. c5 Qh5 13. f3 Nxc3 14. Bxc3 Qh6 15. Qc2 Bd7 16. a4 f4 17. gxf4 Qxf4 18. Qd3 Be8 19. e4 Nh5 20. Nb3 Qh6 21. Bd2 Bg5 22. Bxg5 Qxg5 23. Kh1 Nf4 24. Qd2 Bh5 25. Nc1 Qh4 26. Nd3 Nxd3 27. Qxd3 Rf4 28. Rae1 Raf8 29. Qe3 h6 30. Qf2 Qxf2 31. Rxf2 dxe4 32. Rfe2 0-1

[Event "FB23 2223 Karlsruher SF 1853 - SG Augsb"]
[Site "Augsburg"]
[Date "2022.11.13"]
[Round "4.2"]
[White "Rubina, Tatiana"]
[Black "Kosc, Renata"]
[Result "1/2-1/2"]
[WhiteElo "2019"]
[BlackElo "1976"]
[PlyCount "29"]
[EventDate "2022.??.??"]

1. e4 c5 2. Nf3 Nc6 3. Bb5 g6 4. Bxc6 dxc6 5. O-O Bg7 6. d3 Qc7 7. a4 Nf6 8. h3 O-O 9. Be3 c4 10. e5 Nd5 11. d4 Nxe3 12. fxe3 f6 13. exf6 exf6 14. Na3 Be6 15. e4 1/2-1/2

[Event "FB23 2223 Karlsruher SF 1853 - SG Augsb"]
[Site "Augsburg"]
[Date "2022.11.13"]
[Round "4.3"]
[White "Braun, Kristin"]
[Black "Novikova, Margarita"]
[Result "1/2-1/2"]
[WhiteElo "1886"]
[BlackElo "1977"]
[PlyCount "45"]
[EventDate "2022.??.??"]

1. e4 d5 2. exd5 Qxd5 3. d4 e5 4. dxe5 Qxd1+ 5. Kxd1 Nc6 6. f4 Bg4+ 7. Nf3 O-O-O+ 8. Bd2 f6 9. Be2 fxe5 10. Nxe5 Nxe5 11. fxe5 Bxe2+ 12. Kxe2 Re8 13. Bc3 Bd6 14. Re1 Bxe5 15. Kf1 Rf8+ 16. Kg1 Bf6 17. Bxf6 Nxf6 18. Nc3 Re8 19. h3 g5 20. Rf1 Re6 21. Rae1 Rhe8 22. Rxe6 Rxe6 23. g4 1/2-1/2

[Event "FB23 2223 Karlsruher SF 1853 - SG Augsb"]
[Site "Augsburg"]
[Date "2022.11.13"]
[Round "4.4"]
[White "Pellicoro, Nathalie"]
[Black "Kurapova, Olga"]
[Result "0-1"]
[WhiteElo "1869"]
[BlackElo "1919"]
[PlyCount "74"]
[EventDate "2022.??.??"]

1. e4 e5 2. Nc3 Nf6 3. g3 d5 4. exd5 Nxd5 5. Bg2 Nxc3 6. bxc3 Bc5 7. Ne2 Nc6 8. Rb1 O-O 9. O-O Bb6 10. Kh1 Be6 11. a4 Bd5 12. d3 Bxg2+ 13. Kxg2 Qd5+ 14. f3 Qa2 15. Bd2 Qxa4 16. c4 Nd4 17. Nxd4 exd4 18. Rb5 a6 19. Rg5 c5 20. Qb1 Qc6 21. Re5 Rae8 22. Rfe1 Rxe5 23. Rxe5 Bd8 24. Re4 b5 25. cxb5 axb5 26. Qe1 Bf6 27. h4 c4 28. Bb4 Rc8 29. g4 h6 30. g5 hxg5 31. hxg5 Bxg5 32. Rxd4 cxd3 33. cxd3 Qg6 34. Rg4 Rc2+ 35. Kg3 Bh4+ 36. Kxh4 Qh6+ 37. Kg3 Qh2# 0-1

[Event "FB23 2223 Karlsruher SF 1853 - SG Augsb"]
[Site "Augsburg"]
[Date "2022.11.13"]
[Round "4.6"]
[White "Grining, Maria"]
[Black "Weber, Leonora"]
[Result "1-0"]
[WhiteElo "1750"]
[BlackElo "1648"]
[PlyCount "34"]
[EventDate "2022.??.??"]

1. d4 Nf6 2. Nf3 c5 3. e3 e6 4. Bd3 Nc6 5. O-O b6 6. c4 d5 7. cxd5 exd5 8. Ne5 Nxe5 9. dxe5 Ne4 10. Bb5+ Bd7 11. Bxd7+ Qxd7 12. f3 Ng5 13. e4 Ne6 14. exd5 Nd4 15. Nc3 b5 16. d6 g6 17. Ne4 Bg7 1-0

[Event "FB23 2223 SK Freiburg-ZANhringen 1887 -"]
[Site "Augsburg"]
[Date "2022.11.13"]
[Round "4.1"]
[White "Li, Zhuoling"]
[Black "Paddock, Silvia"]
[Result "1-0"]
[WhiteElo "2190"]
[BlackElo "2181"]
[PlyCount "103"]
[EventDate "2022.??.??"]

1. e4 c5 2. Nf3 d6 3. d4 cxd4 4. Nxd4 Nf6 5. Nc3 a6 6. Be2 e5 7. Nb3 Be7 8. Be3 Be6 9. O-O Nbd7 10. a4 O-O 11. Re1 Rc8 12. Bf3 Re8 13. a5 Qc7 14. h3 Bc4 15. Nd2 b5 16. axb6 Nxb6 17. Nxc4 Nxc4 18. Bc1 Qb6 19. Na4 Qb7 20. b3 Na5 21. Be3 Nc6 22. Nb6 Rb8 23. Nd5 Nxd5 24. exd5 Na7 25. c4 Nc8 26. c5 Qxb3 27. Qxb3 Rxb3 28. c6 f5 29. Rxa6 Bf6 30. Bd1 Rb1 31. Kf1 Ne7 32. Ba4 Rb2 33. c7 Rc8 34. Bd7 Rxc7 35. Be6+ Kf8 36. Ra8+ Nc8 37. Rxc8+ Rxc8 38. Bxc8 f4 39. Bc1 Rb5 40. Be6 Bh4 41. Ba3 Ke7 42. Rc1 e4 43. Rc7+ Kf6 44. Rf7+ Ke5 45. Rf5+ Kd4 46. Rxf4 Kd3 47. g3 Bxg3 48. fxg3 Rb1+ 49. Kg2 Ra1 50. Bxd6 e3 51. Bf5+ Kd2 52. Bb4+ 1-0

[Event "FB23 2223 SK Freiburg-ZANhringen 1887 -"]
[Site "Augsburg"]
[Date "2022.11.13"]
[Round "4.2"]
[White "Hund, Sarah"]
[Black "Froehlich, Franziska"]
[Result "1-0"]
[WhiteElo "2032"]
[BlackElo "1897"]
[PlyCount "41"]
[EventDate "2022.??.??"]

1. e4 e6 2. d4 d5 3. Nd2 Nf6 4. e5 Nfd7 5. c3 c5 6. Ne2 Nc6 7. Nf3 Qb6 8. a3 Be7 9. Nf4 O-O 10. Bd3 Nd8 11. h4 f6 12. Bxh7+ Kxh7 13. Ng5+ Kg8 14. Ng6 Re8 15. Qh5 fxg5 16. hxg5 cxd4 17. Nxe7+ Rxe7 18. g6 Nf7 19. Qh7+ Kf8 20. Qh8+ Nxh8 21. Rxh8# 1-0

[Event "FB23 2223 SK Freiburg-ZANhringen 1887 -"]
[Site "Augsburg"]
[Date "2022.11.13"]
[Round "4.3"]
[White "Leser, Katrin"]
[Black "Hund, Barbara"]
[Result "1/2-1/2"]
[WhiteElo "2007"]
[BlackElo "2059"]
[PlyCount "43"]
[EventDate "2022.??.??"]

1. e4 e5 2. Nf3 Nc6 3. Bb5 a6 4. Ba4 Nf6 5. O-O Be7 6. Re1 b5 7. Bb3 O-O 8. c3 d5 9. exd5 Nxd5 10. Nxe5 Nxe5 11. Rxe5 c6 12. d3 Bd6 13. Re1 Bf5 14. Qf3 Qh4 15. g3 Qh3 16. Be3 Bg4 17. Qg2 Qh5 18. Nd2 Bh3 19. Qf3 Bg4 20. Qg2 Bh3 21. Qf3 Bg4 22. Qg2 1/2-1/2

[Event "FB23 2223 SK Freiburg-ZANhringen 1887 -"]
[Site "?"]
[Date "2022.11.13"]
[Round "4.4"]
[White "Ehmann, Johanna"]
[Black "Kobald, Jacqueline"]
[Result "0-1"]
[WhiteElo "1772"]
[BlackElo "1975"]
[PlyCount "246"]
[EventDate "2022.??.??"]

1. e4 c5 2. Nf3 e6 3. d4 cxd4 4. Nxd4 a6 5. Nc3 Qc7 6. Bd3 Nf6 7. f4 d6 8. O-O Be7 9. Qe1 Nbd7 10. Qg3 O-O 11. Re1 Rd8 12. e5 dxe5 13. Nf3 exf4 14. Bxf4 Qb6+ 15. Kh1 Qxb2 16. Ne4 Nh5 17. Qg4 Nxf4 18. Qxf4 e5 19. Qg3 Nf6 20. Qh4 h6 21. Reb1 Qa3 22. Nxe5 Nd5 23. Qh5 Be6 24. Rxb7 Nf6 25. Nxf6+ Bxf6 26. Qe2 Qc3 27. Re1 Bd5 28. Rd7 Bxe5 29. Rxd8+ Rxd8 30. Qxe5 Qc6 31. Qg3 Bxa2 32. Qh4 Qb6 33. Qe4 g6 34. Bc4 Bxc4 35. Qxc4 a5 36. Rf1 Qe6 37. Qc7 Qf6 38. Qc4 Qe6 39. Qc7 Qf6 40. Qc4 Qe7 41. h3 Qd7 42. Qf4 a4 43. Ra1 Ra8 44. Qf3 Qa7 45. Qa3 Qd4 46. c3 Qc4 47. Qb4 Qc6 48. c4 Kg7 49. c5 h5 50. Qc3+ Qf6 51. Qa3 Qc6 52. Qc3+ Qf6 53. Qa3 Rc8 54. Rc1 Qc6 55. Qc3+ Qf6 56. Qa3 Qc6 57. Qc3+ Kg8 58. Qb4 Ra8 59. Ra1 Rc8 60. Rc1 Re8 61. Re1 Rxe1+ 62. Qxe1 Qxc5 63. Qe8+ Kg7 64. Qxa4 Qe5 65. Qd7 g5 66. Qc8 Qd4 67. Qc1 Qf4 68. Qa1+ Qf6 69. Qd1 Qg6 70. Qa1+ Kh7 71. Qd1 g4 72. hxg4 hxg4 73. g3 Qe4+ 74. Kh2 Kg7 75. Qa1+ Kg6 76. Qd1 Kf5 77. Qf1+ Kg6 78. Qd1 f6 79. Qc1 Qe2+ 80. Kg1 Qf3 81. Qb1+ Kg5 82. Qc1+ Kh5 83. Qe1 Kg5 84. Qc1+ Kg6 85. Qb1+ Qf5 86. Qe1 Qe5 87. Qb1+ Kh6 88. Qc1+ Kh5 89. Kg2 Qe4+ 90. Kg1 Kg6 91. Kh2 Qd3 92. Qe1 Kf7 93. Qc1 Qh7+ 94. Kg1 Qd3 95. Kh2 Kg6 96. Qe1 Qd5 97. Qe8+ Qf7 98. Qe4+ f5 99. Qf4 Qd5 100. Qe3 Qa2+ 101. Kg1 Qc4 102. Kh2 Qe4 103. Qb6+ Kg5 104. Qd8+ Kg6 105. Qg8+ Kf6 106. Qh8+ Ke6 107. Qc8+ Ke5 108. Qb8+ Kf6 109. Qh8+ Ke6 110. Qc8+ Ke5 111. Qc5+ Qd5 112. Qe3+ Qe4 113. Qc5+ Ke6 114. Qb6+ Kd5 115. Qb7+ Kd4 116. Qb2+ Kd3 117. Qb5+ Kd2 118. Qa5+ Ke2 119. Qb5+ Kf2 120. Qc5+ Kf3 121. Qa3+ Qe3 122. Qa8+ Kf2 123. Qb8 Qh6# 0-1

[Event "FB23 2223 SK Freiburg-ZANhringen 1887 -"]
[Site "Augsburg"]
[Date "2022.11.13"]
[Round "4.5"]
[White "Ley, Sabrina"]
[Black "Farhadyar, Kiana"]
[Result "0-1"]
[WhiteElo "1856"]
[BlackElo "1475"]
[PlyCount "104"]
[EventDate "2022.??.??"]

1. e4 e5 2. Nf3 Nc6 3. Bc4 Nf6 4. d3 Be7 5. c3 d5 6. exd5 Nxd5 7. O-O O-O 8. h3 Nb6 9. Bb5 f6 10. Bxc6 bxc6 11. Qe2 Ba6 12. Rd1 Qd7 13. Qc2 Rad8 14. d4 c5 15. b4 cxb4 16. cxb4 Qa4 17. Rd2 Bxb4 18. Qxa4 Nxa4 19. Rc2 exd4 20. Rxc7 Rc8 21. Rxc8 Rxc8 22. Bf4 g5 23. Bd2 Bc5 24. Ba5 Be2 25. Nbd2 Bxf3 26. Nxf3 Nc3 27. Nd2 Ba3 28. Re1 Nxa2 29. Nb3 Rc4 30. Ra1 Nc1 31. Rxa3 Ne2+ 32. Kh2 Kg7 33. Nd2 Rc2 34. Ne4 Nf4 35. g3 Nd5 36. Kg2 Ne3+ 37. Kf3 Nc4 38. Ra4 d3 39. Ra1 f5 40. Nxg5 d2 41. Rd1 Nxa5 42. Ne6+ Kf6 43. Nd4 Ra2 44. Ke2 Nc4 45. f4 Ra3 46. Nf3 h5 47. Kf2 Rc3 48. Ne5 Rc1 49. Ke2 Rxd1 50. Kxd1 Nxe5 51. fxe5+ Kxe5 52. Kxd2 Ke4 0-1

[Event "FB23 2223 SK Freiburg-ZANhringen 1887 -"]
[Site "Augsburg"]
[Date "2022.11.13"]
[Round "4.6"]
[White "Kuenle, Teresa"]
[Black "Gassmann, Linda"]
[Result "1/2-1/2"]
[WhiteElo "1829"]
[BlackElo "1880"]
[PlyCount "50"]
[EventDate "2022.??.??"]

1. d4 Nf6 2. Bf4 d6 3. e3 g6 4. Nf3 Bg7 5. Bd3 Nbd7 6. c3 O-O 7. h3 c5 8. O-O Qb6 9. Qc1 Re8 10. Bc2 cxd4 11. exd4 Nf8 12. Nbd2 Ne6 13. Be3 Nd5 14. Nc4 Qc7 15. Bb3 Nxe3 16. Nxe3 Qd8 17. Ng4 Kf8 18. Re1 Qa5 19. Qd2 Bd7 20. Rad1 Nd8 21. Qf4 Qf5 22. Qe3 Qh5 23. Qf4 Qf5 24. Qe3 Qh5 25. Qf4 Qf5 1/2-1/2

[Event "FB23 2223 TSV Schott Mainz - SC NT Nürn"]
[Site "?"]
[Date "2022.11.13"]
[Round "4.1"]
[White "Albayrak, Nese Pinar"]
[Black "Gorozhankina, Julia"]
[Result "0-1"]
[WhiteElo "1725"]
[BlackElo "2005"]
[PlyCount "108"]
[EventDate "2022.??.??"]

1. e4 c5 2. Nf3 Nc6 3. d4 cxd4 4. Nxd4 g6 5. Nc3 Bg7 6. Be3 Nf6 7. Bc4 O-O 8. Bb3 d6 9. f3 Nxd4 10. Bxd4 Be6 11. Qd2 Qa5 12. O-O-O Rac8 13. Kb1 Bxb3 14. cxb3 Rfe8 15. g4 a6 16. h4 Nd7 17. h5 Bxd4 18. Qxd4 Qe5 19. hxg6 fxg6 20. Qe3 Rf8 21. Nd5 Nf6 22. Nb6 Qc5 23. Qh6 Qxb6 24. g5 Qe3 25. gxf6 Qxh6 26. Rxh6 Rxf6 27. Rdh1 Rf7 28. f4 Rcf8 29. Kc2 Rg7 30. R6h4 e5 31. fxe5 dxe5 32. Kd3 Rd7+ 33. Ke3 Rfd8 34. R1h2 Rd3+ 35. Ke2 Rd2+ 36. Ke1 Rd1+ 37. Ke2 R8d2+ 38. Ke3 Rd3+ 39. Ke2 R1d2+ 40. Kf1 Rf3+ 41. Kg1 Rxh2 42. Rxh2 Kg7 43. Rc2 Rf7 44. b4 h5 45. Kg2 Kf6 46. Rc5 Rd7 47. b5 Rd2+ 48. Kg3 Rxb2 49. bxa6 bxa6 50. Rc6+ Kg5 51. Rxa6 h4+ 52. Kh3 Re2 53. Ra4 Kf4 54. Kxh4 Rh2# 0-1